Translation / (رقم التسجيلة. 35021)

تفاصيل مارك
000 -الفاتح
حقل البيانات ثابتة الطول 00937nam a22002417a 4500
003 - محدد رقم الضبط
رقم الضبط OSt
005 - وقت وتاريخ اخر تعامل مع التسجيلة
رقم الضبط 20150408114217.0
008 - عناصر البيانات ثابتة الطول - معلومات عامة
حقل البيانات ثابتة الطول 140514s2014 enk g b 001 0 eng d
020 ## - الرقم الدولى المعيارى للكتب
الرقم الدولى المعيارى للكتاب 9780415435635
020 ## - الرقم الدولى المعيارى للكتب
الرقم الدولى المعيارى للكتاب 9780415435628
040 ## - مصدر الفهرسة
وكالة الفهرسة الأصلية Ma-Un
082 04 - رقم تصنيف ديوى العشرى
رقم الطبعة 22
رقم التصنيف 418.02
رقم المادة BST
100 1# - المدخل الرئيسى - إسم شخصى
الإسم الشخصى Bassnett, Susan.
9 (RLIN) 44988
245 10 - بيان العنوان
العنوان Translation /
بيان المسئوليه,etc Susan Bassnett.
260 ## - PUBLICATION, DISTRIBUTION, ETC. (IMPRINT)
مكان الناشر او الموزع London ;
-- New York, NY :
اسم الناشر او الموزع Routledge, Taylor & Francis Group,
تاريخ النشر أو التوزيع 2014.
300 ## - الوصف المادى
التعداد 201 p. ;
أبعاد الوعاء 21 cm.
490 1# - بيان السلسلة
عنوان السلسلة The New Critical Idiom
504 ## - تبصرة ببليوجرافية
تبصرة ببليوجرافية,الخ Includes bibliographical references (pages 180-192) and index.
505 0# - تبصرة محتويات-الفهرس
تبصرة المحتويات المصاغة The origins and development of translation studies -- Postcolonial translation -- Translation and gender -- Translating across time -- The visibility of the translator -- Globalization -- Boundaries of translation.
650 ## - المدخل الاضافى بالموضوع-مصطلح موضوعى
مصطلح موضوعي أو اسم جغرافي كعنصر مدخل Translating and interpreting.
830 #0 - المدخل الاضافى بالسلسلة -عنوان موحد
عنوان موحد New Critical Idiom.
9 (RLIN) 44989
942 ## - عناصر المدخل الإضافي( كوها)
مصدر التصنيف او مخطط الترفيف Dewey Decimal Classification
Koha [default] item type كتاب
المقتنيات
حالة الفقد نموذج السعر الفعال حالة تلف ليس للاعارة رقم الطلب رقم النسخة تاريخ الاكتساب مصدر التزويد الموقع الحالي الباركود الفرع الرئيسي Date last seen نوع المادة فى نظام كوها مصدر التصنيف او خطة الترفيف Total Checkouts
  2014-05-14   Not For Loan 418.02 BST 1 2014-05-14 دار العرب مكتبة كلية العلوم و الدراسات الإنسانية برماح - طالبات (SRF) 00211260 مكتبة كلية العلوم و الدراسات الإنسانية برماح - طالبات (SRF) 2014-05-14 كتاب Dewey Decimal Classification  
  2014-05-14     418.02 BST 2 2014-05-14 دار العرب مكتبة كلية العلوم و الدراسات الإنسانية برماح - طالبات (SRF) 00211261 مكتبة كلية العلوم و الدراسات الإنسانية برماح - طالبات (SRF) 2014-05-14 كتاب Dewey Decimal Classification  
  2014-05-14   Not For Loan 418.02 BST 1 2014-05-14 دار العرب مكتبة كلية العلوم و الدراسات الإنسانية برماح - طلاب (SRM) 00211262 مكتبة كلية العلوم و الدراسات الإنسانية برماح - طلاب (SRM) 2014-05-14 كتاب Dewey Decimal Classification  
  2014-05-14     418.02 BST 2 2014-05-14 دار العرب مكتبة كلية العلوم و الدراسات الإنسانية برماح - طلاب (SRM) 00211263 مكتبة كلية العلوم و الدراسات الإنسانية برماح - طلاب (SRM) 2014-05-14 كتاب Dewey Decimal Classification